000 03935nam a22003617a 4500
003 OSt
005 20260327092059.0
008 260326b mp ||||| |||| 00| 0 mon d
020 _a978-9919-0-5297-3
_q(зөөлөн хавтастай)
040 _aMN_MNUMS
_bMon
_cMN_MNUMS
_dMN_MNUMS
_erda
082 _221
_a616.0757
_bЭ 66
100 0 _aЭнхтуяа, Б.
_eзохиогч
_966464
245 _aЦөмийн анагаах ухаан :
_bУлсын Нэгдүгээр Төв Эмнэлгийн 100 жил, Монголын Радиологийн Нийгэмлэгийн 30 жил, Цөмийн Анагаах Ухаан Монгол улсад хөгжсөний 50 жилийн ой, Монгол улсын Ардын эмч, Хүний Гавьяат эмч, АШУ-ны доктор, профессор анхны Цөмийн оношилгооны эмч Пэлжээгийн Онхуудай багшийнхаа гэгээн дурсгалд зориулав
_c/Зохиогч: Б. Энхтуяа, Г. Болормаа; Хамтран бүтээлцсэн: Б. Нямгэрэл, Г. Мөнхцэцэг, Э. Аззаяа, Б. Дамдиндорж, Н. Молор-Эрдэнэ; Хянан тохиолдуулсан: Д. Гончигсүрэн.
264 1 _aУлаанбаатар:
_bЛинограф хэвлэх үйлдвэр,
_c2025.
505 _tГарчиг
505 _tЦөмийн анагаах ухааны суурь, үндсэн зарчим, товч түүх, онолын үндэслэл --
_tЦөмийн анагаах ухааны клиникийн эмнэлзүйн оношилгоо --
_tТөв мэдрэлийн тогтолцооны эрхтэн системийн эмгэгийн оношилгоо --
_tДотоод шүүрлийн эрхтэн системийн эмгэгийн оношилгоо --
_tЗүрх судасны эрхтэн системийн эмгэгийн оношилгоо --
_tАмьсгалын эрхтэн тогтолцооны системийн эмгэгүүдийн оношилгоо --
_tБөөр, шээсний замын эрхтэн системийн эмгэгүүдийн оношилгоо --
_tЭлэг, цөсний замын эмгэгүүдийн оношилгоо --
_tАраг яс, тулгуур эрхтэн системийн эмгэгүүдийн оношилгоо --
_tХоол боловсруулах замын эрхтэн тогтолцооны эмгэгүүдийн оношилгоо --
_tХалдварт болон үрэвсэлт эмгэгүүдийн оношилгоо --
_tХавдрын орчин үеийн оношилгоо, эмчилгээ --
_tӨргөн хэрэглэгддэг үгсийн тайлбар
546 _aмонгол
_bкирилл
650 4 _aцөмийн анагаах ухаан
_970265
650 4 _aдүрс оношилгоо
650 4 _aрентген радиологи
_970266
700 0 _aЭнхтуяа, Б.
_eзохиогч
_966464
700 0 _aБолормаа, Г.
_eзохиогч
_966295
700 0 _aНямгэрэл, Б.
_eхамтран бүтээлцсэн
_970259
700 0 _aМөнхцэцэг, Г.
_eхамтран бүтээлцсэн
_970260
700 0 _aАззаяа, Э.
_eхамтран бүтээлцсэн
_970261
700 0 _aДамдиндорж, Б.
_eхамтран бүтээлцсэн
_966014
700 0 _aМолор-Эрдэнэ, Н.
_eхамтран бүтээлцсэн
_970262
700 0 _aГончигсүрэн, Д.
_eхянан тохиолдуулсан
_966059
710 _aУлсын Нэгдүгээр Төв Эмнэлэг
_eЭрхэлсэн байгууллага
_965527
710 _aМонголын Радиологийн Нийгэмлэг
_eЭрхэлсэн байгууллага
_967595
710 _aDepartment of Nuclear Medicine
_eЭрхэлсэн байгууллага
_970263
942 _2ddc
_cHBOOK
999 _c37141
_d37141